Zlatokopka /

Hlavní autor: Sasková, Lucia, 1985-
Další autoři: Krejčová, Miluše, 1955-, Krejčí, Tomáš
Jazyk: Čeština
Vydáno: Praha : Motto, 2016
Vydání: Vydání první
Edice: Román (Motto)
Témata:
Fyzický popis: 349 stran ; 21 cm
Knihy
Uloženo v:
LEADER 01449nam a2200445 i 4500
001 nkc20162803929
003 CZ PrNK
005 20160628085140.0
007 ta
008 160610s2016 xr g 000 f cze
015 |a cnb002803929 
020 |a 978-80-267-0627-4  |q (vázáno) 
035 |a (OCoLC)953517100 
040 |a BOA001  |b cze  |d ABA001  |e rda 
041 1 |a cze  |h slo 
072 7 |a 821.162.4  |x Slovenská literatura  |2 Konspekt  |9 25 
080 |a 821.162.4-31  |2 MRF 
080 |a (0:82-31)  |2 MRF 
100 1 |a Sasková, Lucia,  |d 1985-  |7 xx0204261  |4 aut 
240 1 0 |a Zlatokopka.  |l Česky 
245 1 0 |a Zlatokopka /  |c Lucia Sasková ; přeložili Miluše Krejčová a Tomáš Krejčí 
250 |a Vydání první 
264 1 |a Praha :  |b Motto,  |c 2016 
300 |a 349 stran ;  |c 21 cm 
336 |a text  |b txt  |2 rdacontent 
337 |a bez média  |b n  |2 rdamedia 
338 |a svazek  |b nc  |2 rdacarrier 
490 1 |a Román 
500 |a Přeloženo ze slovenštiny 
655 7 |a slovenské romány  |7 fd133450  |2 czenas 
655 9 |a Slovak fiction  |2 eczenas 
700 1 |a Krejčová, Miluše,  |d 1955-  |7 jn20001103223  |4 trl 
700 1 |a Krejčí, Tomáš  |7 hka2015859159  |4 trl 
830 0 |a Román (Motto)  |0 s 
910 2 |a BOA001  |b 2-1367.916 
928 9 |a Albatros Media - Motto 
990 |a BK 
995 |a 01 
991 |b 201606  |c NOV 
996 6 |b 2610673657  |c 2-1367.916  |l MZK  |r Sklad / do 1 hodiny  |n 4  |p p.v.  |w 001566148  |u 000010  |a 1  |e BOA001  |j MZK50  |s P